عرض عادي
عرض مارك
- يوسف، محمد عبد الرحمن محمود
مدخل إسم شخص
001 - رقم الضبط
- حقل الضبط: 11710
003 - معرف رقم الضبط
- حقل الضبط: OSt
005 - تاريخ ووقت أخر عملية
- حقل الضبط: 20120420220819.0
008 - عناصر بيانات ثابتة الطول
- حقل تحكم ثابت الطول: 120420|||a|||||| | ||| d
040 ## - مصدر الفهرسة
- هيئة الفهرسة الأصلية: OSt
- وكالة الكتابة: OSt
100 ## - مدخل -- أسم شخص
- إسم شخص: يوسف، محمد عبد الرحمن محمود
670 ## - بيانات المصدر موجوده
- الاستشهاد بالمصدر: Work cat.: (OSt)24369: الغرير، أحمد نايل 11708, التأهيل المهني للأشخاص المعوقين =, 2010
